| 000 | 00569nam a2200169Ia 4500 | ||
|---|---|---|---|
| 008 | 190805s9999||||xx |||||||||||||| ||und|| | ||
| 020 |
_a9781316645505 _c£ 27.99 |
||
| 082 | 0 | 4 |
_a334.091724 _bD382 |
| 100 | 1 | _aDelmon, Jeffrey | |
| 245 | 1 | 0 |
_aPublic-Private Partnership Projects in Infrastructure : an essential guide for policy makers / _cJeffrey Delmon |
| 250 | _a2nd ed. | ||
| 260 |
_aNew York : _bCambridge University Press, _c2017 |
||
| 300 |
_axi, 256 p. _b : _c; 23 cm. |
||
| 650 | 0 | _aPublic-private sector cooperation | |
| 942 | _cBK | ||
| 999 |
_c392 _d392 |
||